000
00204 a2200097 4500
020
_a
9780794541774
041
_a
eng
100
_a
Punter, Rusell
245
_a
Doctor foster went to cloucester
942
_c
BK
999
_c
31647
_d
31645